书目信息

书名: 医用基础化学上册 
作者: 吉林医科大学主编
出版信息: 北京   人民卫生出版社  1978.07
开本页数: 26cm  269页
丛书名:
单 册:
中图分类: O6
科图分类:
主题词: 化学
电子资源:
ISBN:
000 00457nam0 2200169 45
001 0198279684
005 20060321150532.37
010    @dCNY1.40
100    @a19980219d1978 km y0chiy0120 ea
101 @achi
200 @Ayi yong ji chu hua xue@FJI LIN YI KE DA XUE ZHU BIAN@a医用基础化学@h上册@f吉林医科大学主编
210    @a北京@c人民卫生出版社@d1978.07
215    @a269页@d26cm
606 @a化学
690    @aO6@v3
801 @c20060321
905    @a10447@dO6@e73:1
    
    医用基础化学.上册/吉林医科大学主编.-北京:人民卫生出版社,1978.07
    269页;26cm
    
    
    ISBN :CNY1.40
    
相关链接 在五车中查询图书 在当当中查询图书 在豆瓣中查询图书


正题名:医用基础化学     索取号:O6/73:1         预约/预借

序号 登录号 条形码 馆藏地/架位号 状态 备注
1 119770   201197702   海科密-1楼/47架10列7层/ [索取号:O6/73:1] 在馆    
2 119776   201197766   海科密-1楼/48架2列7层/ [索取号:O6/73:1] 在馆    
3 24758   200247580   海科密-1楼/47架9列5层/ [索取号:O6/73:1] 在馆    
4 44151   200441511   海科密-1楼/47架10列7层/ [索取号:O6/73:1] 在馆    
5 44152   200441520   海科密-1楼/47架10列7层/ [索取号:O6/73:1] 在馆